000 00664nam a2200265Ia 4500
005 20260121172356.0
008 008 260114s9999 xx 000 0 eng d
020 _a9783030636845
037 _aEBOOK
040 _aCRL
040 _beng
040 _cCRL
041 _2eng
041 _aeng
084 _qCRL
100 _aPaul Steinmann, Kenneth Runesson
_91087664
245 4 _aThe Catalogue of Computational Material Models
260 _bSpringer
260 _bSpringer
260 _c2021
856 _uhttps://link.springer.com/openurl?genre=book&isbn=978-3-030-63684-5
942 _cEBOOK
999 _c1653402
_d1653402